000 nam a22 7a 4500
999 _c10068
_d10068
008 180210b ||||| |||| 00| 0 eng d
100 _aAiets
_96093
245 _aCCE Worksheets assesment
260 _aNew Delhi
_bAiets publication